[Event "26.Schlosspark-Open"]
[Site "Wiesbaden-Biebrich"]
[Date "2014.08.29"]
[Round "2.1"]
[White "Kunin, Vitaly"]
[Black "Hain, Gunter"]
[Result "1-0"]
[WhiteElo "2575"]
[BlackElo "2047"]
[PlyCount "53"]
[EventDate "2014.??.??"]
[WhiteTeam "Freibauer Mörlenbach-Birkenau"]
[BlackTeam "SK Frankenthal"]

1. d4 e6 2. c4 f5 3. g3 Nf6 4. Bg2 d5 5. Nh3 c6 6. O-O Bd6 7. Bf4 Be7 8. Bxb8
Rxb8 9. Nd2 O-O 10. Nf4 Bd6 11. Nd3 Bd7 12. Qc2 Be8 13. Nf3 Bh5 14. Nfe5 Nd7
15. Nf4 Bf7 16. Nxf7 Kxf7 17. cxd5 cxd5 18. Nxd5 exd5 19. Qxf5+ Nf6 20. Bxd5+
Ke8 21. Bg2 Qd7 22. Qd3 Rf7 23. e4 Be5 24. Rad1 Rd8 25. Qb3 Bxd4 26. e5 Re7 27.
exf6 1-0

[Event "26.Schlosspark-Open"]
[Site "Wiesbaden-Biebrich"]
[Date "2014.08.29"]
[Round "2.2"]
[White "Everett, Elijah"]
[Black "Khenkin, Igor"]
[Result "0-1"]
[WhiteElo "2049"]
[BlackElo "2574"]
[PlyCount "84"]
[EventDate "2014.??.??"]
[WhiteTeam "SF Schöneck"]
[BlackTeam "SG Porz e.V."]

1. e4 c6 2. d4 d5 3. exd5 cxd5 4. c4 Nf6 5. Nc3 e6 6. cxd5 Nxd5 7. Nf3 Nc6 8.
Bd3 Bb4 9. Bd2 Be7 10. O-O O-O 11. Bb1 Bf6 12. Qc2 g6 13. Bh6 Bg7 14. Bxg7 Kxg7
15. Qd2 Nce7 16. Bd3 b6 17. Rac1 Bb7 18. Ne5 Nf6 19. Bc4 Rc8 20. Bb3 Ned5 21.
Rfd1 Qe7 22. Nd3 Nxc3 23. bxc3 Ne4 24. Qe1 Qg5 25. g3 Qa5 26. c4 Qxe1+ 27. Nxe1
Rfd8 28. f3 Nd6 29. a4 Nf5 30. d5 exd5 31. cxd5 Rxc1 32. Rxc1 Rd7 33. a5 Nd4
34. Bd1 bxa5 35. Rc5 Rxd5 36. Rxd5 Bxd5 37. Kf2 Bb3 38. Bxb3 Nxb3 39. Nc2 Kf6
40. Ke3 Ke5 41. Na3 Kd5 42. Nb5 Kc5 0-1

[Event "26.Schlosspark-Open"]
[Site "Wiesbaden-Biebrich"]
[Date "2014.08.29"]
[Round "2.3"]
[White "Poetsch, Hagen"]
[Black "Marten, Gero"]
[Result "1-0"]
[WhiteElo "2494"]
[BlackElo "2032"]
[PlyCount "51"]
[EventDate "2014.??.??"]
[WhiteTeam "SF Schöneck"]
[BlackTeam "SG Turm Idstein"]

1. e4 c5 2. Nf3 d6 3. d4 cxd4 4. Nxd4 Nf6 5. Nc3 a6 6. Bg5 e6 7. f4 Be7 8. Qf3
h6 9. Bh4 Qc7 10. O-O-O Nbd7 11. Be2 O-O 12. g4 b5 13. a3 Bb7 14. Rhg1 Nc5 15.
g5 Nfxe4 16. gxh6 g6 17. Bxe7 Qxe7 18. f5 exf5 19. Nxf5 Qe5 20. Nd5 Kh7 21.
Nfe3 Na4 22. Qxe4 Qxb2+ 23. Kd2 Rae8 24. Qf4 Rxe3 25. Nf6+ Kh8 26. Kxe3 1-0

[Event "26.Schlosspark-Open"]
[Site "Wiesbaden-Biebrich"]
[Date "2014.08.29"]
[Round "2.4"]
[White "Brechlin, Olaf"]
[Black "Carlstedt, Jonathan"]
[Result "0-1"]
[WhiteElo "2036"]
[BlackElo "2437"]
[PlyCount "57"]
[EventDate "2014.??.??"]
[WhiteTeam "FVS ASP Hoyerswerda"]
[BlackTeam "Hamburger SK von 1830 eV"]

1. Nc3 e6 2. e4 d5 3. e5 c5 4. f4 Nc6 5. Nf3 h5 6. Bb5 Nh6 7. Bxc6+ bxc6 8. Ne2
Ba6 9. d3 h4 10. Be3 h3 11. g3 d4 12. Bd2 Qd5 13. Rf1 c4 14. dxc4 Bxc4 15. b3
Ba6 16. Nfxd4 Rd8 17. c4 Qe4 18. Bc3 c5 19. Qb1 Qxb1+ 20. Rxb1 cxd4 21. Nxd4
Bc5 22. Nc6 Rd3 23. Bb4 Kd7 24. Bxc5 Kxc6 25. Bxa7 Ng4 26. Rb2 Rhd8 27. Ke2 Kc7
28. Bg1 Bb7 29. c5 0-1

[Event "26.Schlosspark-Open"]
[Site "Wiesbaden-Biebrich"]
[Date "2014.08.29"]
[Round "2.5"]
[White "Malek, Daniel"]
[Black "Bietz, Fabian"]
[Result "1-0"]
[WhiteElo "2391"]
[BlackElo "2024"]
[PlyCount "53"]
[EventDate "2014.??.??"]
[WhiteTeam "Wiesbadener SV 1885"]
[BlackTeam "SJ Herborn 1998"]

1. c4 Nf6 2. Nc3 c6 3. d4 d5 4. Nf3 Bg4 5. Ne5 Bh5 6. Qb3 Qb6 7. c5 Qxb3 8.
axb3 Na6 9. e3 Nc7 10. b4 Nd7 11. Nxd7 Kxd7 12. b5 e6 13. b4 Be7 14. Bb2 f5 15.
Bd3 cxb5 16. Nxb5 Nxb5 17. Bxb5+ Kc7 18. Kd2 a6 19. Bd3 b5 20. cxb6+ Kxb6 21.
Bc3 Be8 22. Ra5 Bc6 23. Rha1 Bb7 24. b5 axb5 25. Rxb5+ Kc6 26. Ba5 Bc8 27. Rb6+
1-0

[Event "26.Schlosspark-Open"]
[Site "Wiesbaden-Biebrich"]
[Date "2014.08.29"]
[Round "2.6"]
[White "Skarke, Harald"]
[Black "Boidman, Yuri"]
[Result "0-1"]
[WhiteElo "2025"]
[BlackElo "2384"]
[PlyCount "100"]
[EventDate "2014.??.??"]
[WhiteTeam "SF Neuberg"]
[BlackTeam "SC Heimbach-Weis/Neuwied"]

1. e4 c5 2. c3 d5 3. exd5 Qxd5 4. d4 Nc6 5. Nf3 e6 6. Be3 cxd4 7. cxd4 Nf6 8.
Nc3 Qd6 9. Be2 Be7 10. O-O O-O 11. Qd2 Nb4 12. Bf4 Qd8 13. Rfd1 Nbd5 14. Be5 b6
15. Bd3 Bb7 16. Qe2 Rc8 17. Rac1 g6 18. Ba6 Qd7 19. Bxb7 Qxb7 20. Nd2 Rfd8 21.
Qf3 Qd7 22. Nce4 Nxe4 23. Nxe4 Rxc1 24. Rxc1 Rc8 25. Qd1 Rc6 26. h3 Qc8 27.
Rxc6 Qxc6 28. Qd2 f6 29. Bg3 Bb4 30. Qe2 Be7 31. Qd2 Kg7 32. h4 h5 33. Kh2 a5
34. a3 Bd8 35. Qd3 Be7 36. Qd2 Kh7 37. f3 Qc4 38. Nf2 Bf8 39. Qe1 Qc6 40. Kh1
Bh6 41. Nh3 a4 42. Qe2 Qc1+ 43. Kh2 Ne3 44. Be1 Qc2 45. Qxc2 Nxc2 46. Bc3 Be3
47. d5 exd5 48. Bxf6 d4 49. Ng5+ Kg8 50. Ne4 Bc1 0-1

[Event "26.Schlosspark-Open"]
[Site "Wiesbaden-Biebrich"]
[Date "2014.08.29"]
[Round "2.7"]
[White "Legde, Georg"]
[Black "Zeyer, Oliver"]
[Result "1-0"]
[WhiteElo "2323"]
[BlackElo "2022"]
[PlyCount "79"]
[EventDate "2014.??.??"]
[WhiteTeam "Freibauer Mörlenbach-Birkenau"]
[BlackTeam "SF HN-Biberach 1978 e.V."]

1. d4 Nf6 2. c4 g6 3. Nf3 Bg7 4. g3 O-O 5. Bg2 d6 6. O-O Nbd7 7. Nc3 e5 8. e3
exd4 9. Nxd4 Re8 10. b3 a6 11. Bb2 Rb8 12. h3 Nc5 13. Qc2 Ne6 14. Nce2 Ng5 15.
Nf4 Qe7 16. Rad1 c5 17. Nde2 b5 18. cxb5 axb5 19. Nc3 Bb7 20. Ncd5 Qd8 21.
Nxf6+ Bxf6 22. Nd5 Bxd5 23. Rxd5 Bxb2 24. Qxb2 Qe7 25. Rfd1 Rb6 26. b4 Rc8 27.
Qd2 c4 28. Qd4 Rcc6 29. Qh4 f6 30. Rxb5 Rxb5 31. Bxc6 Rxb4 32. Bg2 Qc7 33. Bd5+
Kg7 34. a3 Ra4 35. Rb1 Ra7 36. Qxc4 Qxc4 37. Bxc4 Rxa3 38. Rb7+ Kh6 39. Bg8 Ne4
40. Rxh7+ 1-0

[Event "26.Schlosspark-Open"]
[Site "Wiesbaden-Biebrich"]
[Date "2014.08.29"]
[Round "2.8"]
[White "Kolker, Vladislav"]
[Black "Haag, Martin"]
[Result "0-1"]
[WhiteElo "2021"]
[BlackElo "2307"]
[PlyCount "56"]
[EventDate "2014.??.??"]
[WhiteTeam "SC Bad Nauheim"]
[BlackTeam "SC Bonn Beuel"]

1. e4 c5 2. Nf3 e6 3. d4 cxd4 4. Nxd4 a6 5. Bd3 Bc5 6. Nb3 Be7 7. f4 d6 8. Qf3
Qc7 9. Nc3 Nf6 10. g4 g6 11. g5 Nh5 12. Be3 Nd7 13. O-O-O b5 14. Rhe1 Bb7 15.
a3 O-O 16. Qh3 Nc5 17. f5 Nxb3+ 18. cxb3 exf5 19. exf5 d5 20. fxg6 hxg6 21.
Bxg6 fxg6 22. Qe6+ Kh7 23. Kb1 Bc8 24. Qxd5 Bf5+ 25. Ka1 Rad8 26. Qg2 Rxd1+ 27.
Rxd1 Rd8 28. Nd5 Qe5 0-1

[Event "26.Schlosspark-Open"]
[Site "Wiesbaden-Biebrich"]
[Date "2014.08.29"]
[Round "2.9"]
[White "Kiefer, Daniel"]
[Black "Osswald, Luis Monty"]
[Result "1-0"]
[WhiteElo "2263"]
[BlackElo "2017"]
[PlyCount "73"]
[EventDate "2014.??.??"]
[WhiteTeam "Sfr.Mainz 1928"]
[BlackTeam "Kasseler SK 1876"]

1. e4 c5 2. Nf3 Nc6 3. d4 cxd4 4. Nxd4 Nf6 5. Nc3 e5 6. Ndb5 d6 7. Bg5 a6 8.
Na3 b5 9. Nd5 Be7 10. Bxf6 Bxf6 11. c3 Bg5 12. g3 O-O 13. Nc2 Rb8 14. h4 Bh6
15. Nce3 Bxe3 16. Nxe3 Be6 17. Be2 b4 18. Qa4 bxc3 19. bxc3 Qc7 20. O-O Rb2 21.
Bc4 Na5 22. Bxa6 Ra8 23. Bd3 Qxc3 24. Nd1 Qxd3 25. Nxb2 Qe2 26. Nd1 Bh3 27. Ne3
Bxf1 28. Rxf1 Qa6 29. Rc1 g6 30. Rc7 Qe2 31. Qd7 Qf3 32. Nf5 Rf8 33. Nxd6 Qd1+
34. Kg2 Qd3 35. Qe7 Qd4 36. Qf6 Qb6 37. Rxf7 1-0

[Event "26.Schlosspark-Open"]
[Site "Wiesbaden-Biebrich"]
[Date "2014.08.29"]
[Round "2.10"]
[White "Krenz, Valeriy"]
[Black "Machlin, Maxim"]
[Result "1-0"]
[WhiteElo "2242"]
[BlackElo "2009"]
[PlyCount "59"]
[EventDate "2014.??.??"]
[WhiteTeam "SAbt TuS Dotzheim"]
[BlackTeam "Biebertaler SF"]

1. d4 d5 2. c4 e6 3. Nc3 c6 4. cxd5 exd5 5. Qc2 Nf6 6. Bg5 Be7 7. e3 O-O 8. Bd3
Nbd7 9. Nge2 Re8 10. O-O Nf8 11. f3 Be6 12. Kh1 Rc8 13. Rad1 N6d7 14. Bf4 a6
15. e4 dxe4 16. fxe4 c5 17. d5 c4 18. dxe6 fxe6 19. Bg3 cxd3 20. Qxd3 Bc5 21.
e5 Nb6 22. Qf3 Qe7 23. Ne4 Nc4 24. Nd6 Ne3 25. Nxe8 Nxf1 26. Nf6+ gxf6 27. exf6
Qf7 28. Rxf1 b5 29. Nc3 Bd4 30. Qg4+ 1-0

[Event "26.Schlosspark-Open"]
[Site "Wiesbaden-Biebrich"]
[Date "2014.08.29"]
[Round "2.11"]
[White "Seehaus, Bernhard"]
[Black "Sergin, Mark"]
[Result "0-1"]
[WhiteElo "2016"]
[BlackElo "2240"]
[PlyCount "56"]
[EventDate "2014.??.??"]
[WhiteTeam "Schachforum Darmstadt 1994"]
[BlackTeam "Kasseler SK 1876"]

1. d3 c5 2. g3 Nc6 3. Bg2 g6 4. e4 Bg7 5. Ne2 e6 6. Nbc3 Nge7 7. O-O O-O 8. Be3
Nd4 9. f4 d6 10. Qd2 Rb8 11. h3 b5 12. g4 f5 13. Ng3 b4 14. Nd1 a5 15. c3 Nb5
16. Rc1 Bb7 17. Nf2 Qd7 18. Kh2 Rfc8 19. gxf5 exf5 20. Rg1 d5 21. exd5 Bxd5 22.
h4 Bxg2 23. Rxg2 Nd5 24. h5 bxc3 25. bxc3 Bxc3 26. Rxc3 Nbxc3 27. hxg6 hxg6 28.
Nh3 Nb1 0-1

[Event "26.Schlosspark-Open"]
[Site "Wiesbaden-Biebrich"]
[Date "2014.08.29"]
[Round "2.12"]
[White "Muuss, Klaus"]
[Black "Hahn, Markus"]
[Result "1/2-1/2"]
[WhiteElo "2012"]
[BlackElo "2221"]
[PlyCount "75"]
[EventDate "2014.??.??"]
[WhiteTeam "VSF Flintbek"]
[BlackTeam "Kasseler SK 1876"]

1. e4 b6 2. d4 Bb7 3. Bd3 e6 4. Nf3 c5 5. c4 cxd4 6. Nxd4 a6 7. O-O Qc7 8. Be3
Nf6 9. Nc3 d6 10. f4 Nbd7 11. b4 g6 12. Rc1 Bg7 13. f5 gxf5 14. exf5 e5 15. Nd5
Bxd5 16. cxd5 Qb7 17. Nc6 b5 18. Bc2 Rc8 19. Bb3 Nb8 20. Na5 Qd7 21. Qd2 Rxc1
22. Qxc1 Ng4 23. Bb6 e4 24. Qg5 Rg8 25. f6 h6 26. Qh4 Bxf6 27. Rxf6 Nxf6 28.
Qxf6 Qe7 29. Qxe7+ Kxe7 30. Bc7 Kd7 31. Bxb8 Rxb8 32. Kf2 Rg8 33. g3 f5 34. Nc6
Rg4 35. Bd1 Rg5 36. Bb3 Rg4 37. Bd1 Rg5 38. Bb3 1/2-1/2

[Event "26.Schlosspark-Open"]
[Site "Wiesbaden-Biebrich"]
[Date "2014.08.29"]
[Round "2.13"]
[White "Schaack, Harry"]
[Black "Seifert, Norbert"]
[Result "1-0"]
[WhiteElo "2218"]
[BlackElo "2000"]
[PlyCount "49"]
[EventDate "2014.??.??"]
[WhiteTeam "SF Schöneck"]
[BlackTeam "SF Neuberg"]

1. e4 e5 2. Nf3 Nc6 3. Bc4 Bc5 4. c3 Nf6 5. d3 h6 6. O-O O-O 7. Re1 d6 8. Nbd2
Bd7 9. b4 Bb6 10. Nf1 a5 11. b5 Ne7 12. a4 Ng4 13. d4 Ng6 14. h3 Nf6 15. Ng3
Qc8 16. Rb1 Nf4 17. dxe5 dxe5 18. Nxe5 Nxg2 19. Nxd7 Nxe1 20. Nxf6+ gxf6 21.
Nf5 Kh7 22. Qh5 Rg8+ 23. Kf1 Rg1+ 24. Kxg1 Qg8+ 25. Qg4 1-0

[Event "26.Schlosspark-Open"]
[Site "Wiesbaden-Biebrich"]
[Date "2014.08.29"]
[Round "2.14"]
[White "Hupprich, Thorsten"]
[Black "De Visser, Leon"]
[Result "0-1"]
[WhiteElo "2000"]
[BlackElo "2204"]
[PlyCount "116"]
[EventDate "2014.??.??"]
[WhiteTeam "SK Lauterecken 1963"]
[BlackTeam "SC Brett vorm Kopp Ffm"]

1. c4 e5 2. Nc3 Nf6 3. Nf3 Nc6 4. e3 d5 5. cxd5 Nxd5 6. Bb5 Nxc3 7. bxc3 Bd6 8.
d4 exd4 9. exd4 O-O 10. O-O Bg4 11. Qd3 Qf6 12. Bg5 Qg6 13. Qxg6 hxg6 14. Nd2
f6 15. Be3 a6 16. Bc4+ Kh7 17. a4 Na5 18. Bd3 Bf5 19. Be2 g5 20. h3 Rab8 21.
Rfe1 Rfe8 22. Bf3 Bd3 23. Red1 Nc4 24. Nxc4 Bxc4 25. Rdb1 b6 26. Bc6 Re6 27.
Bd7 Re7 28. Bc6 a5 29. Bf3 Kg6 30. g4 Bd3 31. Rd1 Be4 32. Bxe4+ Rxe4 33. Kg2
Rbe8 34. Rab1 Rxe3 35. fxe3 Rxe3 36. Rbc1 Rg3+ 37. Kf2 Rxh3 38. Rg1 Bf4 39. Rc2
f5 40. gxf5+ Kxf5 41. Rg2 g4 42. Ke2 g5 43. Kf2 Ke4 44. Rxg4 Rh2+ 45. Rg2 Rxg2+
46. Kxg2 Kd3 47. Rb2 Kxc3 48. Rb5 Kxd4 49. Kf3 Kd3 50. Rb3+ Kc4 51. Rb5 Bd2 52.
Kg4 Bb4 53. Rxg5 Kb3 54. Kf3 Kxa4 55. Ke4 Kb3 56. Rg3+ Bc3 57. Kd3 a4 58. Rg2
b5 0-1

[Event "26.Schlosspark-Open"]
[Site "Wiesbaden-Biebrich"]
[Date "2014.08.29"]
[Round "2.15"]
[White "Gentner, Markus"]
[Black "Kiese, Matthias"]
[Result "1/2-1/2"]
[WhiteElo "1988"]
[BlackElo "2202"]
[PlyCount "40"]
[EventDate "2014.??.??"]
[WhiteTeam "SC Murrhardt 1948 e.V."]
[BlackTeam "Bochumer SV 02"]

1. Nf3 Nf6 2. c4 e6 3. g3 d5 4. Bg2 Be7 5. O-O O-O 6. b3 c5 7. Bb2 Nc6 8. d3 b6
9. Nc3 Bb7 10. cxd5 Nxd5 11. Nxd5 Qxd5 12. Ne5 Qd6 13. Nxc6 Bxc6 14. Bxc6 Qxc6
15. Rc1 Rad8 16. Rc2 Qd5 17. Qa1 Qg5 18. Rc4 Bf6 19. Bxf6 Qxf6 20. Qxf6 gxf6
1/2-1/2

[Event "26.Schlosspark-Open"]
[Site "Wiesbaden-Biebrich"]
[Date "2014.08.29"]
[Round "2.16"]
[White "Schnicke, Robert"]
[Black "Schmitt, Carsten"]
[Result "0-1"]
[WhiteElo "2164"]
[BlackElo "1984"]
[PlyCount "90"]
[EventDate "2014.??.??"]
[WhiteTeam "TV Winnweiler"]
[BlackTeam "SV Bergwinkel"]

1. d4 d5 2. c4 e6 3. Nc3 c5 4. e3 Nc6 5. Nf3 Nf6 6. h3 cxd4 7. exd4 a6 8. Bg5
Bb4 9. Rc1 dxc4 10. Bxc4 b5 11. Bd3 Bb7 12. Bb1 h6 13. Bh4 g5 14. Bg3 Nd5 15.
O-O Nxc3 16. bxc3 Ba3 17. Rc2 Na5 18. Re2 Rc8 19. Qc2 Nc4 20. Ne5 Qd5 21. f4
gxf4 22. Rxf4 Nxe5 23. Rxe5 Rxc3 24. Qf2 Rc1+ 25. Kh2 Qxg2+ 26. Qxg2 Bxg2 27.
Bg6 Bd5 28. Rxd5 exd5 29. Bxf7+ Kd8 30. Rf3 Rc2+ 31. Kg1 Rxa2 32. Bxd5 Ra1+ 33.
Kg2 Rf8 34. Bh4+ Kd7 35. Re3 Bd6 36. Be6+ Kc6 37. Rc3+ Kb6 38. Bd5 Ka5 39. Rc6
Bb8 40. Rxh6 Rd1 41. Bf6 Rd2+ 42. Kh1 Rc8 43. Bc6 Rxc6 44. Bd8+ Rc7 45. Rc6 b4
0-1

[Event "26.Schlosspark-Open"]
[Site "Wiesbaden-Biebrich"]
[Date "2014.08.29"]
[Round "2.17"]
[White "Cofman, Veaceslav"]
[Black "Zimmer, Gerald"]
[Result "1-0"]
[WhiteElo "2094"]
[BlackElo "1975"]
[PlyCount "99"]
[EventDate "2014.??.??"]
[WhiteTeam "Karlsruher SF 1853"]
[BlackTeam "SC Bergen-Enkheim 1922"]

1. d4 e6 2. c4 Nf6 3. Nf3 b6 4. Bg5 Bb7 5. Nbd2 Be7 6. Qc2 c5 7. e4 cxd4 8.
Nxd4 Nc6 9. Nxc6 dxc6 10. Qc3 c5 11. f3 O-O 12. Rd1 Nh5 13. Bxe7 Qxe7 14. Qe5
Nf6 15. Be2 Rfd8 16. O-O Rd4 17. Nb1 Rxd1 18. Rxd1 Rd8 19. Bd3 Ne8 20. Nc3 Bc6
21. Qf4 Qf6 22. Qxf6 gxf6 23. e5 Kg7 24. exf6+ Nxf6 25. Kf2 Rd4 26. Ne2 Rd8 27.
Ke3 h6 28. g4 Kf8 29. Bc2 Rxd1 30. Bxd1 Ke7 31. Ng3 Nd7 32. f4 f6 33. h4 Kf7
34. Bc2 Ke7 35. b3 Kf7 36. g5 fxg5 37. fxg5 hxg5 38. hxg5 Bg2 39. g6+ Ke7 40.
Kf4 Nf6 41. Kg5 Ng8 42. Be4 Bh3 43. Nh5 Bf1 44. g7 Be2 45. Nf4 Bd1 46. Bh7 Kf7
47. Bxg8+ Kxg8 48. Kh6 Bc2 49. Nh5 Kf7 50. Nf6 1-0

[Event "26.Schlosspark-Open"]
[Site "Wiesbaden-Biebrich"]
[Date "2014.08.29"]
[Round "2.18"]
[White "Göbel, Andreas"]
[Black "Davenport, Darcy"]
[Result "1/2-1/2"]
[WhiteElo "1987"]
[BlackElo "2153"]
[PlyCount "108"]
[EventDate "2014.??.??"]
[WhiteTeam "SC Brett vorm Kopp Ffm"]
[BlackTeam "vereinslos"]

1. Nf3 Nf6 2. g3 d5 3. Bg2 c6 4. d4 Bg4 5. Nbd2 Nbd7 6. c4 e6 7. b3 Bb4 8. Bb2
O-O 9. O-O Re8 10. a3 Bf8 11. Re1 Bh5 12. b4 a5 13. c5 b6 14. Qc2 Bg6 15. Qc3
Ne4 16. Nxe4 Bxe4 17. Rec1 bxc5 18. dxc5 f6 19. Nd4 Bxg2 20. Kxg2 Qc7 21. Nb3
axb4 22. axb4 Qb7 23. Nd4 e5 24. Nc2 Rab8 25. Ra5 Qc7 26. Rca1 Rb7 27. R1a2
Reb8 28. Qa3 Be7 29. Bc1 Kf7 30. Qf3 g6 31. Bd2 f5 32. Qc3 Bf6 33. Qb3 Kg7 34.
Qe3 g5 35. Qf3 f4 36. Qg4 Kg6 37. e3 h5 38. Qe2 fxg3 39. fxg3 e4 40. Nd4 Rf8
41. Ne6 Qe5 42. Nxf8+ Nxf8 43. Ra6 Rc7 44. Rc2 Qe8 45. Bc3 Bxc3 46. Rxc3 Qe5
47. Rc1 Ne6 48. Rf1 d4 49. exd4 Nxd4 50. Qe3 Nf5 51. Qb3 Nd4 52. Qe3 Nf5 53.
Qb3 Nd4 54. Qe3 Nf5 1/2-1/2

[Event "26.Schlosspark-Open"]
[Site "Wiesbaden-Biebrich"]
[Date "2014.08.29"]
[Round "2.19"]
[White "Baskin, Robert"]
[Black "Karthaus, Carsten"]
[Result "1-0"]
[WhiteElo "2152"]
[BlackElo "1970"]
[PlyCount "61"]
[EventDate "2014.??.??"]
[WhiteTeam "SAbt TuS Makkabi Ffm"]
[BlackTeam "SC Murrhardt 1948 e.V."]

1. e4 d5 2. exd5 Qxd5 3. Nc3 Qa5 4. d4 c6 5. Nf3 Nf6 6. Bc4 Bf5 7. Bd2 e6 8.
Nd5 Qd8 9. Nxf6+ gxf6 10. Bb3 Nd7 11. Qe2 Qc7 12. Nh4 Bg6 13. O-O-O O-O-O 14.
g3 Bd6 15. Nxg6 hxg6 16. h4 f5 17. Bg5 Rde8 18. h5 gxh5 19. Rxh5 f6 20. Bd2 e5
21. dxe5 Bxe5 22. Rxh8 Rxh8 23. f4 Bd4 24. Qd3 Bc5 25. Qxf5 Kb8 26. Bc3 Be3+
27. Kb1 Qd6 28. Qg4 Qe7 29. Qe6 Qxe6 30. Bxe6 Nc5 31. Bxf6 1-0

[Event "26.Schlosspark-Open"]
[Site "Wiesbaden-Biebrich"]
[Date "2014.08.29"]
[Round "2.20"]
[White "Martin, Reiner"]
[Black "Mager, Denis"]
[Result "0-1"]
[WhiteElo "1981"]
[BlackElo "2152"]
[PlyCount "28"]
[EventDate "2014.??.??"]
[WhiteTeam "SC Bad Soden"]
[BlackTeam "SAbt TuS Makkabi Ffm"]

1. d4 d5 2. g3 Nf6 3. Bg2 g6 4. Nf3 Bg7 5. c4 c6 6. O-O O-O 7. Nc3 dxc4 8. Ne5
Ng4 9. Nf3 e5 10. h3 exd4 11. Ne4 Re8 12. Ned2 c3 13. Nc4 Be6 14. Bg5 f6 0-1

[Event "26.Schlosspark-Open"]
[Site "Wiesbaden-Biebrich"]
[Date "2014.08.29"]
[Round "2.21"]
[White "Lenz, Jonas"]
[Black "Koch, Markus"]
[Result "0-1"]
[WhiteElo "1973"]
[BlackElo "2143"]
[PlyCount "68"]
[EventDate "2014.??.??"]
[WhiteTeam "SK Bad Homburg 1927"]
[BlackTeam "SC Brett vorm Kopp Ffm"]

1. d4 Nf6 2. c4 e6 3. g3 Bb4+ 4. Bd2 Qe7 5. Nf3 Nc6 6. Nc3 O-O 7. Bg2 Bxc3 8.
Bxc3 Ne4 9. Rc1 d6 10. d5 Nxc3 11. Rxc3 Nb8 12. dxe6 fxe6 13. Nd4 a5 14. O-O
Na6 15. b3 c6 16. e4 e5 17. Nc2 Be6 18. Ne1 b5 19. cxb5 cxb5 20. Rc6 Nb4 21.
Rxd6 Nxa2 22. Nf3 Rfd8 23. Rxd8+ Rxd8 24. Qb1 Nc3 25. Qb2 Qc5 26. Ng5 Bc8 27.
Ra1 h6 28. Nf3 Be6 29. Bf1 Rf8 30. Bg2 Bg4 31. Ne1 Ne2+ 32. Kh1 Rxf2 33. Nd3
Rxg2 34. Qxe2 Bxe2 0-1

[Event "26.Schlosspark-Open"]
[Site "Wiesbaden-Biebrich"]
[Date "2014.08.29"]
[Round "2.22"]
[White "Roggensack, Hans Peter"]
[Black "Hahn, Florian"]
[Result "0-1"]
[WhiteElo "1970"]
[BlackElo "2133"]
[PlyCount "108"]
[EventDate "2014.??.??"]
[WhiteTeam "SF Frankfurt 1921"]
[BlackTeam "SJ Herborn 1998"]

1. e4 c5 2. Nf3 e6 3. c4 Nc6 4. Nc3 Nf6 5. d4 cxd4 6. Nxd4 Bb4 7. Nxc6 bxc6 8.
Bd3 e5 9. O-O O-O 10. Qc2 Bc5 11. Bg5 h6 12. Bh4 d6 13. Be2 g5 14. Bg3 Ne8 15.
Kh1 Ng7 16. Rad1 Qe7 17. a3 a5 18. f3 Ne6 19. Na4 Nd4 20. Qd2 Ba7 21. b4 axb4
22. axb4 Be6 23. Bd3 f6 24. Rb1 h5 25. h3 Qg7 26. Nc3 g4 27. fxg4 hxg4 28. h4
Kf7 29. b5 cxb5 30. Nd5 Kg8 31. Ne3 Qh6 32. cxb5 Nxb5 33. Bxb5 Qxe3 34. Qxe3
Bxe3 35. Bf2 Ra3 36. Be1 Bc5 37. Kh2 Kg7 38. Bc6 Rf7 39. h5 Ra2 40. Be8 Rf8 41.
Bg6 Ra7 42. Bf5 Bc4 43. Rh1 Be2 44. Rb2 Bd3 45. Kg3 d5 46. Rh4 Bxe4 47. Rxg4+
Kf7 48. Bxe4 dxe4 49. Rxe4 Bd4 50. Rc2 f5 51. Ree2 Rg8+ 52. Kh2 Rg5 53. Bf2
Rxh5+ 54. Kg1 Ra1+ 0-1

[Event "26.Schlosspark-Open"]
[Site "Wiesbaden-Biebrich"]
[Date "2014.08.29"]
[Round "2.23"]
[White "Keymer, Vincent"]
[Black "Schmidt, Volker"]
[Result "1-0"]
[WhiteElo "2036"]
[BlackElo "1967"]
[PlyCount "44"]
[EventDate "2014.??.??"]
[WhiteTeam "SK Gau-Algesheim"]
[BlackTeam "SAbt TuS Dotzheim"]

1. d4 Nf6 2. c4 g6 3. Nc3 d5 4. cxd5 Nxd5 5. Bd2 Nb6 6. Nf3 Bg7 7. Bg5 Nc6 8.
e3 h6 9. Bh4 O-O 10. Be2 a6 11. O-O Qd7 12. a4 Nd5 13. e4 Nf4 14. d5 Nxe2+ 15.
Qxe2 Nd4 16. Nxd4 Bxd4 17. Rfd1 Bg7 18. Qc4 Kh7 19. a5 Re8 20. Rac1 Bxc3 21.
bxc3 c6 22. dxc6 Qxc6 1-0

[Event "26.Schlosspark-Open"]
[Site "Wiesbaden-Biebrich"]
[Date "2014.08.29"]
[Round "2.24"]
[White "Özdemir, Ali Özden"]
[Black "Bingert, Tim Niklas"]
[Result "1/2-1/2"]
[WhiteElo "1958"]
[BlackElo "2120"]
[PlyCount "170"]
[EventDate "2014.??.??"]
[WhiteTeam "SK Langen"]
[BlackTeam "SV 1920 Hofheim"]

1. e4 e5 2. Nf3 Nc6 3. Bb5 Nf6 4. d3 Bc5 5. c3 O-O 6. O-O d6 7. Nbd2 a6 8. Ba4
Ba7 9. h3 Ne7 10. Re1 Ng6 11. Nf1 c6 12. Ng3 d5 13. Bb3 Re8 14. a4 h6 15. Bc2
Be6 16. Nf5 Qc7 17. N3h4 dxe4 18. dxe4 Nxh4 19. Nxh4 Qd8 20. Be3 Bxe3 21. Rxe3
Qxd1+ 22. Rxd1 Rad8 23. Ree1 Nh5 24. Nf5 Bxf5 25. exf5 Nf6 26. Bb3 Kf8 27. Kf1
Rxd1 28. Rxd1 Ke7 29. Ke2 Ne4 30. Ke3 Nd6 31. g4 f6 32. Be6 Rd8 33. Rd2 b6 34.
f3 a5 35. Ba2 Nb7 36. b4 Rxd2 37. Kxd2 Kd6 38. Kd3 c5 39. Kc4 cxb4 40. cxb4
axb4 41. Kxb4 Kc7 42. Bb1 Nd6 43. Bd3 h5 44. gxh5 Kd8 45. Be4 Kd7 46. Bd5 Ke7
47. Be4 Ke8 48. Bc6+ Ke7 49. Be4 Kf8 50. Bd5 Ke8 51. Bc6+ Kd8 52. Be4 Nf7 53.
Kc4 Ng5 54. h4 Nh3 55. Bd3 Nf4 56. Bf1 Kc7 57. Kb5 Nxh5 58. Bc4 Nf4 59. Bf1 Nd5
60. Bd3 Ne3 61. Be4 Ng2 62. h5 Nf4 63. Kc4 Nxh5 64. Bc2 Nf4 65. Bb1 Ne2 66. Bd3
Nd4 67. Be4 Kd6 68. Kb4 Ne2 69. Kc4 Nf4 70. Kb5 Kc7 71. Kc4 Nh3 72. Kd5 Ng5 73.
Kc4 Nf7 74. Kd5 Ng5 75. Kc4 Nf7 76. Kd5 Kd7 77. Bd3 Nd8 78. Bc4 Kc7 79. Bb5 Nf7
80. Bd3 Ng5 81. Be4 Kd7 82. Kc4 Nh7 83. Kb5 Kc7 84. Kc4 Nf8 85. Kd5 Kd7 1/2-1/2

[Event "26.Schlosspark-Open"]
[Site "Wiesbaden-Biebrich"]
[Date "2014.08.29"]
[Round "2.25"]
[White "Stimpel, Franz"]
[Black "Frömbgen, Andreas"]
[Result "0-1"]
[WhiteElo "2124"]
[BlackElo "1953"]
[PlyCount "76"]
[EventDate "2014.??.??"]
[WhiteTeam "Wiesbadener SV 1885"]
[BlackTeam "SK Gau-Algesheim"]

1. d4 Nf6 2. c4 g6 3. Nc3 Bg7 4. e4 d6 5. Be2 O-O 6. Bg5 Nbd7 7. Qd2 c5 8. d5
a6 9. Nf3 Qa5 10. O-O Rb8 11. a4 Qd8 12. h3 Ne8 13. Rfe1 Ndf6 14. Rad1 Nc7 15.
Bf1 Nfe8 16. Bh6 f6 17. Bxg7 Kxg7 18. Nh2 Bd7 19. f4 b5 20. axb5 axb5 21. b3 b4
22. Ne2 e5 23. dxe6 Nxe6 24. f5 Ng5 25. Ng3 Nf7 26. Ng4 Qc7 27. Qf4 g5 28. Nh5+
Kh8 29. Qd2 Qd8 30. Qb2 Ne5 31. Nxe5 fxe5 32. Rxd6 Qe7 33. Red1 Nxd6 34. f6
Rxf6 35. Nxf6 Qxf6 36. Rd5 Bc6 37. Rxc5 Bxe4 38. Rxe5 Rf8 0-1

[Event "26.Schlosspark-Open"]
[Site "Wiesbaden-Biebrich"]
[Date "2014.08.29"]
[Round "2.26"]
[White "Keller, Peter"]
[Black "Thybo, Jesper Sondergaard"]
[Result "0-1"]
[WhiteElo "2110"]
[BlackElo "2121"]
[PlyCount "94"]
[EventDate "2014.??.??"]
[WhiteTeam "Sabt Frankfurter TV 1860"]
[BlackTeam "Skive Skak Klub"]

1. e4 c6 2. d4 d5 3. exd5 cxd5 4. c4 Nf6 5. Nc3 Nc6 6. Bg5 dxc4 7. Bxc4 a6 8.
d5 Ne5 9. Be2 Qb6 10. Qd2 Bf5 11. Nf3 Nxf3+ 12. Bxf3 g6 13. Bxf6 Qxf6 14. O-O
Bg7 15. Rfe1 O-O 16. Qe3 Rfe8 17. Rad1 Qd6 18. Re2 Rac8 19. Ne4 Qb4 20. a3 Qa4
21. Red2 Rc7 22. Nc5 Qh4 23. d6 Bh6 24. Qxh6 Qxh6 25. dxc7 Rc8 26. Rd8+ Kg7 27.
Rxc8 Bxc8 28. Bxb7 Qf4 29. Bxc8 Qxc7 30. Bxa6 Qxc5 31. Bd3 Qd4 32. b4 Qb2 33.
b5 Qxa3 34. Bf1 Qb4 35. g3 f5 36. Rd7 Kf6 37. Rc7 e5 38. Rxh7 e4 39. Rc7 g5 40.
Rc6+ Ke5 41. Rg6 Qe1 42. Rg8 Kf6 43. Rf8+ Kg6 44. Rg8+ Kh5 45. h4 gxh4 46. Rh8+
Kg5 47. Rxh4 e3 0-1